000 00344pab a2200145 454500
008 180718b1995 xxu||||| |||| 00| 0 eng d
100 _aTrikha, N.K.
245 _aChoice of Governors
_ball norms violated.
260 _c1995
300 _ap.8
362 _a24 Apr
650 _aGovernors - India
773 _aIndian Express
909 _a28930
999 _c28930
_d28930